000 00506nam a22001697a 4500
999 _c158101
_d158101
005 20181015172428.0
010 _aB-158715
035 _aB-158715
037 _bA.P.H. publishing
082 _a370.71
100 _aSingh, Yogesh Kumar
245 _aTeacher education/
_cby Yogesh Kumar Singh
260 _aNew Delhi
_bA.P.H. publishing
_c2005
300 _avi, 260 p.
_c21 c.m. (Hb)
942 _2ddc
_cEN
_h370.71
_mYOG